Working Women' Manual/ (Record no. 207510)

MARC details
000 -LEADER
fixed length control field 00537nam a22001937a 4500
005 - DATE AND TIME OF LATEST TRANSACTION
control field 20241209162802.0
010 ## - LCCN (DPL NO)
LC control number ENG-142947
020 ## - INTERNATIONAL STANDARD BOOK NUMBER
Terms of availability 120.00
International Standard Book Number 9788187952442
035 ## - SYSTEM CONTROL NUMBER
System control number EN-126479
037 ## - SOURCE OF ACQUISITION
Source of stock number/acquisition DBAD
082 ## - DEWEY DECIMAL CLASSIFICATION NUMBER
Classification number 331.4
100 1# - MAIN ENTRY--PERSONAL NAME
Personal name Kakar, S.C.
245 ## - TITLE STATEMENT
Title Working Women' Manual/
Statement of responsibility, etc by S.C. Kakar
250 ## - EDITION STATEMENT
Edition statement 1
260 ## - PUBLICATION, DISTRIBUTION, ETC. (IMPRINT)
Place of publication, distribution, etc Kolkata
Name of publisher, distributor, etc Mark-Age Services Pvt Ltd
Date of publication, distribution, etc 2015
270 ## - ADDRESS
Address ME/5, Niva Park-3 Brahmapur,
City Kolkata
Postal code 700096
300 ## - PHYSICAL DESCRIPTION
Extent 128p.
Dimensions 21cm (pb)
942 ## - ADDED ENTRY ELEMENTS (KOHA)
Source of classification or shelving scheme Dewey Decimal Classification
Item type English Books
Call number suffix KAK
Classification part 331.4
Holdings
Withdrawn status Lost status Not for loan Collection code Home library Current library Date acquired Source of acquisition Cost, normal purchase price Full call number Barcode Copy number Cost, replacement price Koha item type
      Non-fiction R.K.Puram-8 R.K.Puram-8 09/12/2024 Delivery of Books Division 120.00 KAK 331.4 EN-126479 1 120.00 English Books

© Delhi Public Library
Hit Counter
free hit counter